| 000 | 00829cam a2200265 a 4500 | ||
|---|---|---|---|
| 005 | 20131021041703.0 | ||
| 008 | 891020s1989 miu b 001 0 eng | ||
| 020 | _a0814319017 | ||
| 020 | _a0814319025 | ||
| 041 | 0 | _aeng | |
| 080 | _a32 | ||
| 100 | 1 | _aStrauss, Leo. | |
| 245 | 1 | 3 |
_aAn introduction to political philosophy : _cby Leo Strauss ; edited with an introduction by Hilail Gildin. |
| 260 |
_aDetroit : _bWayne State University Press, _c1989. |
||
| 300 |
_a 365 p. ; _c21 cm. |
||
| 490 | 1 | _aCulture of Jewish modernity | |
| 500 | _aPreface : f. VI | ||
| 500 | _aIncludes index. | ||
| 504 | _aBibliography: p. 347-355. | ||
| 650 | 0 |
_aShkenca politike _xFilozofi |
|
| 650 | 0 |
_aShkenca politike _xHistori |
|
| 700 | 1 | _aGildin, Hilail. | |
| 830 | 0 | _aCulture of Jewish modernity. | |
| 942 |
_2udc _cBK |
||
| 999 |
_c139 _d139 |
||